[Event "Ruhrgebiet Verbandsklasse Gruppe 1 1718"]
[Site "Germany"]
[Date "2018.03.18"]
[Round "8.2"]
[White "Dahlhaus, Friedhelm"]
[Black "Fluegel, Thomas"]
[Result "1/2-1/2"]
[WhiteElo "1938"]
[BlackElo "1785"]
[PlyCount "82"]
[EventDate "2017.09.17"]
[EventType "team-tourn"]
[EventRounds "9"]
[EventCountry "GER"]
[SourceTitle "EXT 2022"]
[Source "ChessBase"]
[SourceDate "2021.10.06"]
[SourceVersion "1"]
[SourceVersionDate "2021.10.06"]
[SourceQuality "1"]
[WhiteTeam "Bergeborbeck Wacker"]
[BlackTeam "Hamm SV II"]
[WhiteTeamCountry "GER"]
[BlackTeamCountry "GER"]

1. e4 e6 2. d4 d5 3. exd5 exd5 4. Bd3 Nc6 5. Nf3 Bg4 6. c3 Bd6 7. 0-0 Qd7 8. b4 a6 9. Nbd2 Nge7 10. Nb3 b6 11. a4 0-0 12. b5 axb5 13. axb5 Rxa1 14. Nxa1 Nd8 15. Nc2 Ng6 16. Ne3 Bh5 17. Bf5 Bxf3 18. Bxd7 Bxd1 19. Rxd1 Ne7 20. Bd2 Ne6 21. Ra1 g6 22. Ng4 h5 23. Nf6+ Kh8 24. Ne8 Bf4 25. Bxf4 Nxf4 26. Kf1 Ne6 27. Re1 Kg8 28. Bxe6 fxe6 29. Nxc7 Rc8 30. Nxe6 Rxc3 31. Nf4 Rc7 32. g3 Kf7 33. Re5 Rc1+ 34. Kg2 Nf5 35. Rxd5 Rd1 36. Ne2 Rd2 37. Kf3 Kf6 38. h3 Rd3+ 39. Ke4 Rd2 40. Kf3 Rd3+ 41. Ke4 Rd2 1/2-1/2

[Event "Ruhrgebiet Verbandsklasse Gruppe 1 1718"]
[Site "Germany"]
[Date "2018.02.25"]
[Round "7.2"]
[White "Fluegel, Thomas"]
[Black "Eckert, Marius"]
[Result "0-1"]
[WhiteElo "1785"]
[BlackElo "1980"]
[PlyCount "72"]
[EventDate "2017.09.17"]
[EventType "team-tourn"]
[EventRounds "9"]
[EventCountry "GER"]
[SourceTitle "EXT 2022"]
[Source "ChessBase"]
[SourceDate "2021.10.06"]
[SourceVersion "1"]
[SourceVersionDate "2021.10.06"]
[SourceQuality "1"]
[WhiteTeam "Hamm SV II"]
[BlackTeam "Waltrop SV"]
[WhiteTeamCountry "GER"]
[BlackTeamCountry "GER"]

1. d4 d5 2. c4 c6 3. cxd5 cxd5 4. Nf3 Nf6 5. Nc3 Nc6 6. Bf4 a6 7. e3 Bg4 8. h3 Bxf3 9. Qxf3 Qb6 10. Rb1 e6 11. Bd3 Nb4 12. Qe2 Bd6 13. Bxd6 Qxd6 14. 0-0 0-0 15. a3 Nxd3 16. Qxd3 Nd7 17. e4 dxe4 18. Nxe4 Qf4 19. g3 Qh6 20. Kg2 Rfd8 21. Qb3 b5 22. a4 bxa4 23. Qxa4 Qh5 24. Qc6 Rac8 25. Qxa6 Qd5 26. f3 Nb8 27. Qe2 Nc6 28. Nc3 Qxd4 29. Rfd1 Qf6 30. Ne4 Qe5 31. Rxd8+ Rxd8 32. Rd1 Rxd1 33. Qxd1 Qxb2+ 34. Nf2 Qd4 35. Qc1 Qd5 36. Qa3 Nd4 0-1

[Event "Ruhrgebiet Verbandsklasse Gruppe 1 1718"]
[Site "Germany"]
[Date "2018.02.04"]
[Round "6.3"]
[White "Fluegel, Thomas"]
[Black "Schwerdtfeger, Joachim"]
[Result "1/2-1/2"]
[WhiteElo "1785"]
[BlackElo "1858"]
[PlyCount "66"]
[EventDate "2017.09.17"]
[EventType "team-tourn"]
[EventRounds "9"]
[EventCountry "GER"]
[SourceTitle "EXT 2022"]
[Source "ChessBase"]
[SourceDate "2021.10.06"]
[SourceVersion "1"]
[SourceVersionDate "2021.10.06"]
[SourceQuality "1"]
[WhiteTeam "Hamm SV II"]
[BlackTeam "Oberhausen SW"]
[WhiteTeamCountry "GER"]
[BlackTeamCountry "GER"]

1. d4 d5 2. c4 e6 3. Nc3 Nf6 4. Nf3 Be7 5. cxd5 exd5 6. Bg5 c6 7. Qc2 Nbd7 8. e3 0-0 9. Bd3 Re8 10. 0-0 Nf8 11. h3 Ne4 12. Bxe7 Qxe7 13. Rab1 Bd7 14. b4 a6 15. Rfe1 f6 16. Nd2 Bf5 17. Ncxe4 Bxe4 18. Nxe4 dxe4 19. Bc4+ Kh8 20. Red1 Rac8 21. a3 Nd7 22. Rbc1 g6 23. Qc3 Kg7 24. Qb3 Nb6 25. Be2 Rcd8 26. Rc5 Qf7 27. Bc4 Nxc4 28. Qxc4 Qxc4 29. Rxc4 Rd5 30. Rc5 Red8 31. Rdc1 Kf7 32. Kf1 Ke6 33. Ke2 R8d7 1/2-1/2

[Event "Ruhrgebiet Verbandsklasse Gruppe 1 1718"]
[Site "Germany"]
[Date "2018.01.14"]
[Round "5.3"]
[White "Nebel, Uwe"]
[Black "Fluegel, Thomas"]
[Result "1/2-1/2"]
[WhiteElo "1869"]
[BlackElo "1785"]
[PlyCount "72"]
[EventDate "2017.09.17"]
[EventType "team-tourn"]
[EventRounds "9"]
[EventCountry "GER"]
[SourceTitle "EXT 2022"]
[Source "ChessBase"]
[SourceDate "2021.10.06"]
[SourceVersion "1"]
[SourceVersionDate "2021.10.06"]
[SourceQuality "1"]
[WhiteTeam "Drewer SG"]
[BlackTeam "Hamm SV II"]
[WhiteTeamCountry "GER"]
[BlackTeamCountry "GER"]

1. e4 e6 2. d4 d5 3. Nc3 Bb4 4. exd5 exd5 5. Bd3 Nc6 6. a3 Be7 7. Nce2 Nf6 8. c3 0-0 9. Bf4 Bg4 10. f3 Bh5 11. Ng3 Bg6 12. Nf5 Bxf5 13. Bxf5 Bd6 14. Bg5 h6 15. Bd2 Ne7 16. Bc2 Re8 17. Ne2 c6 18. 0-0 Qc7 19. g3 Ng6 20. Bxg6 fxg6 21. Nf4 g5 22. Ng2 Re7 23. Qc2 Rae8 24. Rae1 Qd7 25. Ne3 Re6 26. Nf5 Bf8 27. g4 Re2 28. Rxe2 Rxe2 29. Qd3 Re6 30. Re1 Rxe1+ 31. Bxe1 Qe8 32. Bg3 Qe6 33. Be5 Kf7 34. Kf2 g6 35. Ng3 Bd6 36. Bxd6 Qxd6 1/2-1/2

[Event "Ruhrgebiet Verbandsklasse Gruppe 1 1718"]
[Site "Germany"]
[Date "2017.10.08"]
[Round "2.2"]
[White "Renk, Christoph"]
[Black "Fluegel, Thomas"]
[Result "1/2-1/2"]
[WhiteElo "1975"]
[BlackElo "1785"]
[PlyCount "79"]
[EventDate "2017.09.17"]
[EventType "team-tourn"]
[EventRounds "9"]
[EventCountry "GER"]
[SourceTitle "EXT 2022"]
[Source "ChessBase"]
[SourceDate "2021.10.06"]
[SourceVersion "1"]
[SourceVersionDate "2021.10.06"]
[SourceQuality "1"]
[WhiteTeam "Buer SF"]
[BlackTeam "Hamm SV II"]
[WhiteTeamCountry "GER"]
[BlackTeamCountry "GER"]

1. Nf3 g6 2. d4 Nf6 3. c4 c5 4. g3 Bg7 5. Bg2 0-0 6. Nc3 cxd4 7. Nxd4 Nc6 8. Nc2 d6 9. 0-0 Be6 10. Nd5 Qd7 11. Bg5 Ne8 12. Qd2 f6 13. Be3 Bh3 14. Bxh3 Qxh3 15. Nf4 Qd7 16. Qd5+ Kh8 17. Ne6 Rg8 18. Nxg7 Nxg7 19. Rfd1 Nf5 20. Bd2 Rgd8 21. e4 Ng7 22. f4 h5 23. Bc3 Qg4 24. Ne3 Qh3 25. Qd2 h4 26. Qg2 Qxg2+ 27. Kxg2 Nh5 28. Kf3 hxg3 29. hxg3 Kg8 30. g4 Ng7 31. Rd5 Kf7 32. Rh1 Rh8 33. Rxh8 Rxh8 34. g5 Rh3+ 35. Kf2 Nh5 36. Ng2 Rh2 37. Bd2 Rh1 38. Bc3 Rh2 39. Bd2 Rh1 40. Bc3 1/2-1/2

[Event "Ruhrgebiet Bezirksliga 16/17"]
[Site "Ruhrgebiet"]
[Date "2016.09.18"]
[Round "2.3"]
[White "Titschert, Julian"]
[Black "Fluegel, Thomas"]
[Result "1-0"]
[WhiteElo "1827"]
[BlackElo "1813"]
[PlyCount "73"]
[EventDate "2016.08.28"]
[EventType "team-tourn"]
[EventRounds "11"]
[EventCountry "GER"]
[SourceTitle "EXT 2022"]
[Source "ChessBase"]
[SourceDate "2021.10.06"]
[SourceVersion "1"]
[SourceVersionDate "2021.10.06"]
[SourceQuality "1"]
[WhiteTeam "Luenen Horstmar SC"]
[BlackTeam "Hamm SV II"]
[WhiteTeamCountry "GER"]
[BlackTeamCountry "GER"]

1. d4 Nf6 2. c4 g6 3. Nc3 Bg7 4. e4 d6 5. Nf3 0-0 6. Be2 Nbd7 7. 0-0 e5 8. Be3 Ng4 9. Bg5 f6 10. Bc1 f5 11. dxe5 Ndxe5 12. h3 Nxf3+ 13. Bxf3 Ne5 14. Be2 fxe4 15. Nxe4 Be6 16. Ng5 Bd7 17. Qd5+ Kh8 18. f4 Bc6 19. Qd1 Nd7 20. Ne6 Qh4 21. Nxf8 Rxf8 22. Bf3 Bxf3 23. Qxf3 Ne5 24. Qb3 Nc6 25. Be3 Re8 26. Rae1 Nd4 27. Bf2 Rxe1 28. Rxe1 Qxf4 29. Re8+ Bf8 30. Qe3 Qxe3 31. Bxe3 Nf5 32. Rxf8+ Kg7 33. Re8 Kf7 34. Re4 Ng3 35. Rf4+ Ke6 36. Kf2 g5 37. Kxg3 1-0